[Event "Cattolica op-B 3rd"]
[Site "Cattolica"]
[Date "2007.05.13"]
[Round "5"]
[White "Seleni, Aldo"]
[Black "Cerquitella, Luca"]
[Result "1/2-1/2"]
[WhiteElo "2100"]
[BlackElo "2198"]
[PlyCount "44"]
[EventDate "2007.05.11"]
[EventType "swiss"]
[EventRounds "5"]
[EventCountry "ITA"]
[SourceTitle "EXT 2024"]
[Source "ChessBase"]
[SourceDate "2023.10.10"]
[SourceVersion "1"]
[SourceVersionDate "2023.10.10"]
[SourceQuality "1"]

1. d4 Nf6 2. Nf3 e6 3. e3 c5 4. Bd3 Nc6 5. 0-0 d5 6. c3 Bd6 7. Nbd2 0-0 8. e4 cxd4 9. cxd4 dxe4 10. Nxe4 Be7 11. Be3 Qd5 12. Nc3 Qh5 13. Qb3 b6 14. Ne4 Nxe4 15. Bxe4 Bb7 16. Qa4 b5 17. Qd1 Rfd8 18. Rc1 Rac8 19. Ne5 Qxd1 20. Rfxd1 Nxe5 21. Bxb7 Rxc1 22. Rxc1 Nd3 1/2-1/2

[Event "Cattolica op-B 3rd"]
[Site "Cattolica"]
[Date "2007.05.12"]
[Round "3"]
[White "Seleni, Aldo"]
[Black "Iafelice, Vincenzo"]
[Result "1/2-1/2"]
[WhiteElo "2100"]
[BlackElo "2068"]
[PlyCount "96"]
[EventDate "2007.05.11"]
[EventType "swiss"]
[EventRounds "5"]
[EventCountry "ITA"]
[SourceTitle "EXT 2024"]
[Source "ChessBase"]
[SourceDate "2023.10.10"]
[SourceVersion "1"]
[SourceVersionDate "2023.10.10"]
[SourceQuality "1"]

1. d4 f5 2. Bg5 g6 3. c4 Bg7 4. e3 Nf6 5. Nc3 0-0 6. Bd3 Nc6 7. Nf3 d6 8. d5 Ne5 9. Nxe5 dxe5 10. e4 f4 11. c5 h6 12. Bxf6 Rxf6 13. Bc4 Kh8 14. f3 g5 15. h3 h5 16. Qe2 b6 17. c6 Bh6 18. Rd1 Kg7 19. Rd2 a6 20. Nd1 Qd6 21. Nf2 Rg6 22. Rd3 b5 23. Bb3 a5 24. Rd1 Ba6 25. Kf1 Kh7 26. Bc2 Bf8 27. Bd3 Qc5 28. h4 Bh6 29. hxg5 Rxg5 30. a4 Rb8 31. b3 Qb4 32. Rb1 Bf8 33. Bc2 Rb6 34. Bd3 Kg6 35. Kg1 Kf6 36. Qb2 Qc5 37. Rh4 Qe3 38. Kf1 e6 39. Rxh5 Bc5 40. Rxg5 Kxg5 41. Qxe5+ Kg6 42. Qxe6+ Kg7 43. Qe5+ Kf8 44. Qb2 bxa4 45. Bxa6 Rxb3 46. Qh8+ Kf7 47. Qh7+ Kf8 48. Qh8+ Kf7 1/2-1/2